000 00568nam a2200217 a 4500
003 0
005 20180601104424.0
008 100309s19uu xx 00 eng d
020 _a0-07-602692-2
050 _aTR(GS 372.4
_bB35 L.2 2000
050 _aTR(GS 372.4
_bB35 2005 bk.19
050 _aTR(GS 372.4
_bB35 2005 bk.20
100 _aBereiter, Carl
245 _aSRA Open court reading L.2Bk.1 /
_cCARL BEREITER.
260 _aU.S.A :
_bMcGRAW-HILL,
_c2005.
300 _a374P.
942 _2ddc
_cBK
999 _c106193
_d106193